000
00289nam a22001097a 4500
005
20251009113918.0
008
251009b |||||||| |||| 00| 0 eng d
040
_c
PK-LaNCA
082
_a
720
_b
MAT
245
_a
A material life: adventures & discoveries in materials research
942
_c
BK
999
_c
66941
_d
66941